Miasta z największą liczbą Biedronek - Statystyki

Ogólne statystyki
  • Ten quiz został rozwiązany 1 315 razy
    380 od ostatniego zresetowania
  • Średni wynik to 16 z 19
Statystyki odpowiedzi
Liczba Biedronek Miasto % Poprawnych
175 Warszawa
100%
66 Kraków
98%
63 Gdańsk
97%
67 Wrocław
97%
71 Poznań
95%
41 Szczecin
94%
24 Katowice
92%
57 Łódź
91%
28 Gdynia
90%
34 Białystok
85%
32 Lublin
85%
35 Bydgoszcz
83%
22 Rzeszów
83%
25 Toruń
81%
21 Zielona Góra
69%
21 Radom
68%
24 Częstochowa
66%
21 Gliwice
59%
23 Sosnowiec
51%
Nie znaleziono quizów pasujących do podanych kryteriów
Rozkład punktacji
Procent ludzi z każdym wynikiem
Percentyl według liczby udzielonych odpowiedzi
Twoja historia wyników
Nie rozwiązałeś tego quizu od ostatniego zresetowania